Freedom of the press in India (Record no. 429170)

000 -LEADER
fixed length control field 00349cam a22001217a 4500
008 - FIXED-LENGTH DATA ELEMENTS--GENERAL INFORMATION
fixed length control field 180718b950x xxu||||| |||| 00| 0 eng d
082 ## - DEWEY DECIMAL CLASSIFICATION NUMBER
Classification number 548x54 R212P
100 ## - MAIN ENTRY--PERSONAL NAME
Personal name Ray, Nikhil Ranjan
245 ## - TITLE STATEMENT
Title Freedom of the press in India
Statement of responsibility, etc. by Nikhil Ranjan Ray
260 ## - PUBLICATION, DISTRIBUTION, ETC.
Place of publication, distribution, etc. Calcutta
Name of publisher, distributor, etc. General Printers1
Date of publication, distribution, etc. 950x
300 ## - PHYSICAL DESCRIPTION
Extent i, 15pI
650 ## - SUBJECT ADDED ENTRY--TOPICAL TERM
Topical term or geographic name entry element ress law --IndiaB
Holdings
Withdrawn status Lost status Damaged status Not for loan Permanent Location Current Location Date acquired Full call number Barcode Date last seen Price effective from Koha item type
        Indian Institute of Public Administration Indian Institute of Public Administration 2009-12-21 I548x54 R212 11808 2018-07-21 2018-07-21 Book

Powered by Koha